01356 am a2200289 a 450000500170000000800410001702000150005804100080007310000450008124500670012625000110019326000640020430000160026850001450028465300560042965300730048565300660055865300720062465300610069665300250075765300480078265300780083065300260090865300240093465300580095865300500101620231212122600.0100916s1992||||ag a f |||| 001 0 spa d a9504341004 aspa1 aSaubidet, A. G., eDirq(Adolfo Gustavo) aAdelantos en diagnóstico por imágenes / cA. G. Saubidet. a1a ed. aBuenos Aires: bEditorial Cientifica Interamericana;c1992. a122 p.bil. aSaubidet, A. G., (Dir.). (1992). Adelantos en diagnóstico por imágenes. (1a ed.). Buenos Aires : Editorial Científica Interamericana. aDoppler duplex y doppler color. Aspectos técnicos aDoppler en la práctica clínica. Adbominal y otras localizaciones aEco-doppler cromático en el estudio de los vasos del cuello aExploración del Eco-Doppler pulsado en las arterias periféricas aEco-Doppler cromático en la patología ginecológica aDoppler obstétrico aEcografía endocavitativa en ginecología aTomografía computada e imágenes por resonancia magnética de tórax aIRM abdomino-pelviana aPunciones dirigidas aTerapéutica endovascular craneocefálica y medular aTratamiento no invasivo de la litiasis biliar